000 00314nam a2200133Ia 4500
008 240801s9999 xx 000 0 und d
082 _bVAR-P
100 _aVARSHNEY M.K
245 0 _aPARYAVARAN PRADUSHAN AUR NIYANTRAN
250 _a1
260 _aASIAN PUB.MUJAFFAR NAGAR
_c2008
300 _a370
942 _cDB
999 _c45724
_d45724